Personnages de Food Wars - Statistiques

Statistiques générales
  • Ce quiz a été pris 85 fois
  • Le résultat moyen est 14 sur 29
Statistiques - réponses
Hint Réponse % Correct
Personnage PrincipalePropriétaire de Yukihira Diner 1er Siège du Conseil des Dix Maitres Membre du Dortoir de l'Etoile Polaire Yukihira Soma
100%
Ancien 10ème Siège du Conseil des Dix MaitresDoyenne de l'Académie Culinaire de Totsuki Ancienne membre du Dortoir de l'Etoile Polaire Petite fille de l'ancien doyen de Totsuki Nakiri Erina
91%
10ème Siège du Conseil des Dix MaitresMembre du Dortoir de l'Etoile Polaire Tadokoro Megumi
75%
7ème Siège du Conseil des Dix MaitresFrère du prochain Affilié au Restaurant Trattoria Aldini Takumi Aldini
70%
6ème Siège du Conseil des Dix MaitresCapitaine du Club de Cuisine Moléculaire Petite-fille de l'ancien doyen de Totsuki Gastronome Moléculaire Nakiri Alice
64%
5ème Siège du Conseil des Dix Maitresl'Aide de la précédente Membre du Club de Cuisine Moléculaire Kurokiba Ryu
61%
Père du personnage principaleNé "Saiba" Propriétaire de Yukihira Diner Ancien membre de Dortoir de l'Etoile Polaire Ancien 2ème & 7ème Siège du Conseil des Dix Maitres Yukihira Joichiro
59%
Frère du précédentAffilié au Restaurant Trattoria Aldini Isami Aldini
56%
4ème Siège du Conseil des Dix MaitresAncien 9ème Siège du Conseil des Dix Maitres Ancien membre de Centrale Hayama Akira
55%
Secrétaire de la précédente Arato Hisako
53%
2ème Siège du Conseil des Dix MaitresAncien 7ème Siège du Conseil des Dix Maitres Membre du Dortoir de l'Etoile Polaire Satoshi Isshiki
50%
Membre du Dortoir de l'Etoile Polaire Yoshino Yuki
50%
Membre du Don RS Mito Ikumi
47%
Chef cuisinier et membre du Conseil d'Administration de Totsuki ResortAncien 1er Siège du Conseil des Dix Maitres Ancien membre du Dortoir de l'Etoile Polaire Dojima Gin
44%
9ème Siège du Conseil des Dix MaitresAncienne 6ème Siège du Conseil des Dix Maitres Ancienne membre de Centrale Kinokuni Nene
42%
Ancienne 2ème Siège du Conseil des Dix MaitresAncienne membre de Centrale Kobayashi Rindo
42%
Ancien 1er Siège du Conseil des Dix MaitresAncien membre de Centrale Tsukasa Eishi
42%
Professeur de Séminaire de ShiomiAncienne membre du Dortoir de l'Etoile Polaire Shiomi Jun
41%
3ème Siège du Conseil des Dix MaitresAncien 8ème Siège du Conseil des Dix Maitres Capitaine du RS de la Cuisine Chinoise Kuga Terunori
39%
Ancienne 3ème & 4ème Siège du Conseil des Dix MaitresAncienne membre de Centrale Akanegakubo Momo
38%
8ème Siège du Conseil des Dix MaitresAncien 7ème & 9ème Siège du Conseil des Dix Maitres Ancien membre de Centrale Consultant en Entreprise Alimentaire Etsuya Eizan
38%
Beau-fils du précédentAncien doyen de l'Académie Culinaire de Totsuki Ancien 1er & 3ème Siège du Conseil des Dix Maitres Père de la doyenne de l'Académie Culinaire de Totsuki Né "Nakamura" Epoux de la prochaine Nakiri Azami
38%
Propriétaire et Chef cuisinier de Shino'sAncien 1er Siège du Conseil des Dix Maitres Shinomiya Kojiro
38%
Ancien doyen de l'Académie Culinaire de TotsukiGrand-père de la doyenne actuelle Beau père du prochain Nakiri Senzaemon
28%
Ancien 4ème & 5ème Siège du Conseil des Dix MaitresAncien membre de Centrale Saito Somei
27%
Membre du Dortoir de l'Etoile Polaire Sakaki Ryoko
25%
Siège inconnu dans le Conseil des Dix MaitresAncien 3ème Siège du Conseil des Dix Maitres Megishima Tosuke
23%
Demi-Frère de la doyenne de l'Académie Culinaire de TotsukiProfesseur à l'Academie de Totsuki Ancien chef de Centrale Anciennement connu en tant que "Saiba" Nakiri Asahi
23%
Epouse du précédentMère de la doyenne de l'Académie Culinaire de Totsuki Nakiri Mana
14%
Aucun quiz correspondant
Distribution des résultats
% des personnes avec chaque résultat
Percentile par nombre de réponses
Votre historique - résultats
Vous n’avez pas pris ce quiz